000 00573nam a2200193Ia 4500
003 OSt
005 20251216125032.0
008 220917b |||||||| |||| 00| 0 eng d
037 _cTB
040 _aARTS
_cARTS
_beng
041 _2eng
_aeng
084 _aV4:(W691-81).N5 K5
_qAL
100 _aScalapino, Robert A. Ed.
_9857009
245 0 _aCommunist revolution in Asia :
_b tactics, goals and achievements
260 _c1965
650 _aHISTORY
_9857010
942 _hV4:24(W691):N5 K5
_cTB
_2CC
_n0
999 _c232215
_d232215